Filosofia para principiantes (Registo nº 859)
[ vista simples ]
| 000 -Etiqueta do registo | |
|---|---|
| Cabeçalho | 00959cam a2200349 4500 |
| 005 - Identificador da versão | |
| Campo de controlo | 20240813121817.0 |
| 095 ## - | |
| -- | PTBN01020028 |
| 010 ## - Número internacional normalizado dos livros (ISBN) | |
| Número (ISBN) | 9722015729 |
| 021 ## - Número do Depósito Legal | |
| Código do país | PT |
| Número | 130311/98 |
| 035 ## - Other System Control Numbers | |
| System Control Number | 0000926 |
| System Control Number | 0000919 |
| System Control Number | 0000906 |
| 100 ## - Dados gerais de processamento | |
| Dados gerais de processamento | 19981111d1999 em y0pory5003 ba |
| 102 ## - Pais de publicação ou produção | |
| País de publicação | Portugal |
| 101 1# - Língua de publicação | |
| Língua do texto, banda sonora, etc. | Português |
| Língua do documento no original | Inglês |
| 106 ## - Campo de dados codificados: material textual | |
| Dados codificados do material textual | r |
| 105 ## - Campo de dados codificados: livros | |
| Dados codificados dos livros | a z 001yy |
| 215 ## - Descrição física | |
| Indicação específica da natureza do documento e extensão da espécie | 172, [4] p. |
| Outras indicações físicas | muito il. |
| Dimensões | 21 cm |
| 200 1# - Titulo e menção de responsabilidade | |
| Título próprio | Filosofia para principiantes |
| Primeira menção de responsabilidade | Dave Robinson, Judy Groves |
| Outras menções de responsabilidade | trad. J. Freitas e Silva |
| 225 2# - Colecção | |
| Título próprio da colecção | Para principiantes |
| Indicação de volume | 27 |
| 205 ## - Menção da edição | |
| Menção da edição | 1ª ed |
| 210 ## - Publicação, Distribuição, etc. | |
| Lugar da edição, distribuição, etc. | Lisboa |
| Nome do editor, distribuidor, etc. | D. Quixote |
| Data da publicação, distribuição, etc. | 1999 |
| 304 ## - Notas relativas a título e menção de responsabilidade | |
| Texto da nota | Tít. orig.: Philosophy for beginners |
| 675 ## - Classificação Decimal Universal (CDU) | |
| Notação | 1(038) |
| Edição | BN |
| Língua da edição | por |
| 702 ## - Nome de autor-pessoa física (responsabilidade secundária) | |
| Número de registo de entrada de autoridade | 0001109 |
| Palavra de ordem | Silva |
| Outra parte do nome não tomada para palavra de ordem | J. Freitas e |
| Código de função | Tradutor |
| 701 ## - Nome de autor-pessoa física (co-responsabilidade principal) | |
| Palavra de ordem | Groves |
| Outra parte do nome não tomada para palavra de ordem | Judy |
| Código de função | Autor / Co-autor |
| 700 ## - Nome de autor-pessoa física (responsabilidade principal) | |
| Número de registo de entrada de autoridade | 0001107 |
| Palavra de ordem | Robinson |
| Outra parte do nome não tomada para palavra de ordem | Dave |
| 966 ## - Identificação da Biblioteca | |
| Sigla | NUMETECA |
| 942 ## - Elementos de entrada adicionados (Koha) | |
| Tipo de item no Koha | Livro |
| Situação do levantamento | Origin of item (home branch) (coded) | Biblioteca de empréstimo | Código de barras | Cota | Circulation type (not for loan) | Tipo de documento | Nota do exemplar | Damaged status |
|---|---|---|---|---|---|---|---|---|
| Biblioteca Escolar Eng. Nuno Mergulhão | Biblioteca Escolar Eng. Nuno Mergulhão | BENM1568 | 1FIL ROB | Livro | Sem mensagem |
